| 000 | 00751nam a22002177a 4500 | ||
|---|---|---|---|
| 999 |
_c18505 _d18505 |
||
| 003 | AR-CdUCM | ||
| 008 | 190514b ||||| |||| 00| 0 spa d | ||
| 040 |
_aMUNICIPALIDAD PROVINCIAL DEL CUSCO _cBIBLIOTECA MUNICIPAL DEL CUSCO |
||
| 041 | _heng | ||
| 082 |
_a343.297 / _bP86 |
||
| 100 |
_aPritchett, C. Herman _939132 |
||
| 245 | _aLa constitución americana / | ||
| 260 |
_aBuenos Aires : _bArgentina, _c1965. |
||
| 300 |
_a951 páginas ; _c24 cm. |
||
| 505 | _aContenido: El documento -- La unión -- La legislatura -- El poder ejecutivo -- Derecho del debido proceso... | ||
| 650 |
_aConstitución americana _939133 |
||
| 650 |
_aNación y estado _939134 |
||
| 650 |
_aPoder judicial _96955 |
||
| 942 |
_2ddc _cLIBROS |
||
| 945 |
_aacv _d2019-05-14 |
||